000 00749nam a22002417a 4500
005 20170124110120.0
010 _aB-035996
020 _c150.00
035 _aB-035996
037 _bCen Lib/Ret
040 _aDPL
_bEN
082 _aN
_bSTE
100 _aStevenson, Robert Louis
_930437
245 _aDr. Jekyll & Mr. Hyde /
_cby Robert Louis Stevenson; edited by Reema Prashar; illustratde by Shankar Nayak
260 _aNew Delhi
_bS.K. Publishers
_c2000
270 _bNew Delhi
_aA-47 Amar Colony, Lajpat Nagar
_e110024
300 _a168p.
_c17cm(Hb)
650 _aLiterature
_xFiction
_989496
650 _aEnglish novel
_914422
700 _aPrashar, Reema
_930438
700 _aNayak Shankar
_989497
942 _2ddc
_cEN
_hN
_mSTE
999 _c130931
_d130931